Mathematical analysis : (Record no. 30154)

000 -LEADER
fixed length control field 00611 a2200181 4500
020 ## - INTERNATIONAL STANDARD BOOK NUMBER
International Standard Book Number 0387946144
020 ## - INTERNATIONAL STANDARD BOOK NUMBER
International Standard Book Number 9780387946146
082 04 - DEWEY DECIMAL CLASSIFICATION NUMBER
Classification number 515
090 ## - LOCALLY ASSIGNED LC-TYPE CALL NUMBER (OCLC); LOCAL CALL NUMBER (RLIN)
-- 1543
-- 1543
100 1# - MAIN ENTRY--PERSONAL NAME
Personal name Browder, Andrew.
245 10 - TITLE STATEMENT
Title Mathematical analysis :
Remainder of title an introduction /
Statement of responsibility, etc. Andrew Browder.
260 ## - PUBLICATION, DISTRIBUTION, ETC.
Place of publication, distribution, etc. [S.l.] :
Name of publisher, distributor, etc. Springer,
Date of publication, distribution, etc. 1996.
300 ## - PHYSICAL DESCRIPTION
Extent 370 p. ;
Dimensions 24 cm.
490 1# - SERIES STATEMENT
Series statement Undergraduate texts in mathematics.
830 #0 - SERIES ADDED ENTRY--UNIFORM TITLE
Uniform title Undergraduate texts in mathematics.
942 ## - ADDED ENTRY ELEMENTS (KOHA)
Institution code [OBSOLETE] SNS
Koha item type Book
Call number prefix 515 BRO
Holdings
Withdrawn status Lost status Damaged status Not for loan Permanent Location Current Location Date acquired Total Checkouts Full call number Barcode Date last seen Price effective from Koha item type
        School of Natural Sciences (SNS) School of Natural Sciences (SNS) 05/26/2016   515 BRO SNS0000673 05/26/2016 05/26/2016 Book
© 2023 Central Library, National University of Sciences and Technology. All Rights Reserved.